000 00658nam a2200241Ia 4500
003 OSt
005 20220924121337.0
006 a|||||r|||| 00| 0
007 ta
008 220923b |||||||| |||| 00| 0 tel d
020 _c30.00
024 _a333381
037 _cTextual
040 _aARTS
_cARTS
_btel
041 _2tel
_atel
082 _a035,1NBAP,4, N2
100 _aReddy J.Bapu Au.
_9185419
245 0 _aVaadiponi varsantaalu
_btelugu poetry
260 _aHyderabad
_bJayam publications
_c1992
650 _aTELUGU POETRY
942 _h035,1NBAP,4, N2
_cTEXL
_2CC
999 _c407027
_d407027